| 000 | 00633nam a2200241 a 4500 | ||
|---|---|---|---|
| 001 | nice12345678 | ||
| 003 | IN_TiNIC | ||
| 005 | 20260116011753.0 | ||
| 008 | 050524s1981 hyda grp 000 0 ara | ||
| 020 |
_a _c100 |
||
| 082 | 0 | 0 |
_a492.75 _bEDI |
| 100 | _aEdidtorial Board Jamia Nizamia, | ||
| 245 | _aJama-I-Nizamia Islamia | ||
| 260 |
_aHyderabad _bJamia Nizamia-O-Qari Nashargah _c1981 |
||
| 300 | _a22p | ||
| 500 | _aincludes index and biblioraphy | ||
| 505 | 2 | _aGlossary and Index | |
| 650 | _aArabic-Course Book | ||
| 700 | 1 | _aEdidtorial Board Jamia Nizamia, | |
| 902 | _bSRS | ||
| 942 | _cBK | ||
| 999 |
_c3838 _d3838 |
||